Les avions de la BD Buck Danny Albums 37 à 44 - Statistiques

Statistiques générales
  • Ce quiz a été pris 13 fois
  • Le résultat moyen est 8 sur 36
Statistiques - réponses
Par images Hint Réponse % Correct
Avion de ligne supersonique Sud-Aviation {Concorde}
100%
Chasseur Grumman F-14 {Tomcat}
91%
Chasseur McDonnell Douglas F-15 {Eagle}
91%
Avion multirôle McDonnell Douglas F/A-18 {Hornet}
82%
hélicoptère de transport lourd Boeing CH-47 {Chinook}
73%
Avion d'entraînement Fouga CM.170 {Magister}
73%
Chasseur Mikoyan-Gourevitch MiG-29 {Fulcrum}
55%
Système de détection et de commandement aéroporté Boeing E-3 Sentry {AWACS}
45%
Avion de ligne gros-porteur McDonnell Douglas DC-{10}
45%
Avion d'interception Mikoyan-Gourevitch MiG-25 {Foxbat}
36%
Avion ravitailleur Boeing KC-135 {Stratotanker}
27%
Avion d'entraînement Northrop T-38A {Talon}
27%
Chasseur Saab J 35 {Draken}
27%
Hélicoptère de transport léger Aérospatiale AS 355 {Ecureuil} 2
18%
Hélicoptère de transport militaire Sikorsky SH-3 {Sea King}
18%
Hélicoptère de transport Boeing CH-46 {Sea Knight}
9%
Hydravion Martin PBM {Mariner}
9%
Hydravion Aichi M6A1 {Seiran}
0%
Transport léger Beagle B.206 {Basset}
0%
Voyage et grand tourisme Beechcraft 55 {Baron}
0%
hélicoptère polyvalent Bell UH-1 {Iroquois}
0%
Avion de transport de personnalités Boeing VC-137 {Stratoliner}
0%
Avion d'attaque au sol Fairchild A-10A {Thunderbolt II}
0%
Aéronef amphibie multirôle. Grumman G-21 {Goose}
0%
Hélicoptère de lutte anti-sous-marine Kaman SH-2 {Seasprite}
0%
Avion d'attaque au sol Ling-Temco-Vought A-7 {Corsair II}
0%
Avion de lutte anti-sous-marine Lockheed S-3 {Viking}
0%
Avion de reconnaissance Lockheed YO-3A {Quiet Star}
0%
Hélicoptère léger Messerschmitt-Bölkow-Blohm Bö-{105}
0%
Chasseur Mikoyan-Gourevitch MiG-23 {Flogger}
0%
Chasseur Northrop F-5 {Freedom Fighter}
0%
Avion d'épandage agricole et de loisir Piper PA-25 {Pawnee}
0%
Chasseur-bombardier Republic F-105B/D {Thunderchief}
0%
Hélicoptère de manœuvre et d'assaut lourd Sikorsky CH-53 {Sea Stallion}
0%
Avion d'attaque au sol Soukhoï Su-22 {Fitter}-F »
0%
Chasseur Soukhoï Su-9 {Fishpot}-B »
0%
Aucun quiz correspondant
Distribution des résultats
% des personnes avec chaque résultat
Percentile par nombre de réponses
Votre historique - résultats
Vous n’avez pas pris ce quiz